[Event "24th Dubai Open A 2024"]
[Site "Dubai UAE"]
[Date "2024.05.31"]
[Round "7.27"]
[White "Mammadova, Gulnar"]
[Black "Grivas, Efstratios"]
[Result "1/2-1/2"]
[WhiteTitle "IM"]
[BlackTitle "GM"]
[WhiteElo "2359"]
[BlackElo "2396"]
[WhiteFideId "13403508"]
[BlackFideId "4200039"]
[EventDate "2024.05.25"]

1. e4 c5 2. Nf3 Nc6 3. Bb5 d6 4. O-O Bd7 5. Re1 Nf6 6. c3 a6 7. Bf1 Bg4 8. h3
Bxf3 9. Qxf3 g6 10. d3 Bg7 11. Be3 O-O 12. Nd2 Nd7 13. Qd1 b5 14. Nf3 e5 15. a3
Rb8 16. d4 exd4 17. cxd4 Re8 18. d5 Nce5 19. Nd2 Nb6 20. Rb1 Nec4 21. Nxc4 Nxc4
22. Bxc4 bxc4 23. Qc2 Qa5 24. Bd2 Qb5 25. Rec1 Qb3 26. Qxc4 Bd4 27. Qxb3 Rxb3
28. Bf4 Rxe4 29. Bxd6 c4 30. Bb4 Rxb2 31. Rxb2 Bxb2 32. Rc2 Be5 33. f3 Rd4 34.
Bc3 Rxd5 35. Bxe5 Rxe5 36. Rxc4 h5 37. Kf2 Kg7 38. h4 a5 39. a4 Kf6 40. Rc6+ Re6
41. Rc5 Re5 42. Rc6+ Re6 43. Rc5 1/2-1/2

[Event "24th Dubai Open A 2024"]
[Site "Dubai UAE"]
[Date "2024.05.31"]
[Round "7.28"]
[White "Lee, Junhyeok"]
[Black "Krawczyk, Flawian"]
[Result "1-0"]
[WhiteTitle "IM"]
[BlackTitle "CM"]
[WhiteElo "2381"]
[BlackElo "2315"]
[WhiteFideId "13202340"]
[BlackFideId "21881413"]
[EventDate "2024.05.25"]

1. e4 c5 2. Nf3 d6 3. Bc4 Nf6 4. d3 e6 5. O-O Be7 6. Bb3 O-O 7. c3 Nc6 8. Re1
Bd7 9. Nbd2 b5 10. Nf1 Qc7 11. Ng3 Rac8 12. h3 Rfd8 13. Bc2 b4 14. Bg5 bxc3 15.
bxc3 Rb8 16. d4 cxd4 17. cxd4 h6 18. Bf4 Nb4 19. Bb3 Bb5 20. e5 dxe5 21. Bxe5
Bd6 22. Bxf6 gxf6 23. Nh5 f5 24. Qd2 Bf8 25. Ne5 Qe7 26. Nxf7 Kxf7 27. Rxe6 Qxe6
28. Bxe6+ Kxe6 29. Re1+ Kf7 30. Qf4 Bd7 31. Qe5 Rb6 32. Qh8 Rg6 33. Qh7+ Rg7 34.
Nxg7 Bxg7 35. Re7+ Kxe7 36. Qxg7+ Ke6 37. Qe5+ Kf7 38. d5 Bc8 39. Qc7+ Ke8 40.
d6 Bd7 41. Qc4 1-0

[Event "24th Dubai Open A 2024"]
[Site "Dubai UAE"]
[Date "2024.05.31"]
[Round "7.29"]
[White "Balajayeva, Khanim"]
[Black "Mendes Aaron Reeve"]
[Result "1-0"]
[WhiteTitle "IM"]
[BlackTitle "FM"]
[WhiteElo "2376"]
[BlackElo "2306"]
[WhiteFideId "13406396"]
[BlackFideId "25954938"]
[EventDate "2024.05.25"]

1. e4 c5 2. Nf3 d6 3. Bb5+ Bd7 4. Bxd7+ Qxd7 5. O-O Nc6 6. c3 Nf6 7. Qe2 e6 8.
d4 cxd4 9. cxd4 d5 10. e5 Ne4 11. Be3 Be7 12. Ne1 f6 13. f3 Ng5 14. Nd3 O-O 15.
Nd2 b6 16. a3 Nf7 17. f4 f5 18. Nf3 Na5 19. Rad1 Rac8 20. h3 Nh6 21. Kh1 Qa4 22.
Rg1 Rc2 23. Qf1 Rfc8 24. g4 g6 25. Bc1 Nb3 26. Be3 Na5 27. Bc1 Kh8 28. Rg3 Nb3
29. Be3 Na5 30. Bc1 Qb5 31. Qe1 R8c6 32. Ng5 Nb3 33. Be3 Qc4 34. Nf3 a5 35. Rg1
Bd8 36. Bf2 Rc8 37. Bh4 Nxd4 38. Nxd4 Bxh4 39. Qe3 Qa4 40. Nxc2 Rxc2 41. g5 Ng8
42. Rd2 Rc6 43. Rc1 Ne7 44. Rxc6 Nxc6 45. Nc1 Qe4+ 46. Qxe4 fxe4 47. Ne2 Bf2 48.
Kg2 Bc5 49. Kg3 Ne7 50. Kg2 Nf5 51. Kf1 d4 52. b4 axb4 53. axb4 Ne3+ 54. Kf2 Nd5
55. Rxd4 Bxd4+ 56. Nxd4 Nxf4 57. Ke3 Nxh3 58. Nxe6 Kg8 59. Kxe4 Kf7 60. Kd5 b5
61. Kd6 Nf2 62. Nc5 Nh3 63. e6+ Ke8 64. Ne4 Nf4 65. Nf6+ Kf8 66. e7+ Kg7 67.
e8=Q Nd5 68. Qg8# 1-0

[Event "24th Dubai Open A 2024"]
[Site "Dubai UAE"]
[Date "2024.05.31"]
[Round "7.30"]
[White "Rayes, Abdul Kader"]
[Black "Hossain, Enamul"]
[Result "1/2-1/2"]
[BlackTitle "GM"]
[WhiteElo "2067"]
[BlackElo "2365"]
[WhiteFideId "7600801"]
[BlackFideId "10200649"]
[EventDate "2024.05.25"]

1. c4 e6 2. Nf3 Nf6 3. d4 d5 4. g3 Bb4+ 5. Bd2 a5 6. Bg2 O-O 7. O-O dxc4 8. Qc2
Bxd2 9. Nbxd2 b5 10. b3 cxb3 11. Nxb3 c6 12. Ne5 a4 13. Nc5 Nd5 14. Rab1 f6 15.
Ned3 Na6 16. Be4 g6 17. e3 Qe7 18. Rfc1 Nac7 19. Bg2 e5 20. dxe5 fxe5 21. Ne4
Bd7 22. Qc5 Rf7 23. h4 Na6 24. Qd6 Qxd6 25. Nxd6 Re7 26. Nc5 Nxc5 27. Rxc5 Rb8
28. a3 Rb6 29. Bxd5+ cxd5 30. Rxd5 Be6 31. Nc8 Bxc8 32. Rd8+ Kf7 33. Rxc8 Ke6
34. Rc5 Reb7 35. Rb4 Kd6 36. Rc2 Rc6 37. Rd2+ Ke6 38. Rdb2 Rcb6 39. Kg2 h5 40.
Kf3 Kf5 41. Ke2 Ke6 42. Rc2 Kd5 43. Rd2+ Ke6 44. Rdb2 Kd5 45. e4+ Ke6 46. f4 Rf7
47. fxe5 Rfb7 48. Rd2 Rc6 49. Rd5 Rc3 50. Rd3 Rxd3 51. Kxd3 Kxe5 52. Rd4 Ke6 53.
Kc3 Ke5 54. Kd3 Ke6 55. Kc3 1/2-1/2

[Event "24th Dubai Open A 2024"]
[Site "Dubai UAE"]
[Date "2024.05.31"]
[Round "7.31"]
[White "Laddha, Shubh Jayesh"]
[Black "Zherebtsova, Alexandra"]
[Result "1-0"]
[WhiteTitle "FM"]
[BlackTitle "FM"]
[WhiteElo "2324"]
[BlackElo "2302"]
[WhiteFideId "30942799"]
[BlackFideId "24129518"]
[EventDate "2024.05.25"]

1. e4 c5 2. Nf3 Nc6 3. d4 cxd4 4. Nxd4 Nf6 5. Nc3 e5 6. Ndb5 d6 7. Bg5 a6 8. Na3
b5 9. Nab1 Be7 10. Bxf6 Bxf6 11. a4 b4 12. Nd5 O-O 13. Bc4 Be6 14. O-O Bg5 15.
Qd3 a5 16. c3 Rc8 17. Rd1 bxc3 18. Nbxc3 Nb4 19. Qe2 Rc5 20. b3 Qb8 21. g3 Rfc8
22. h4 Bd8 23. Ne3 Nc6 24. Bxe6 fxe6 25. Nb5 Nd4 26. Qg4 Rxb5 27. axb5 Bb6 28.
Nc4 Rf8 29. Ra2 Bc5 30. Rxa5 Kh8 31. Rda1 Qb7 32. b6 Bxb6 33. Nxb6 Qxb6 34. Ra8
Rb8 35. R1a7 g6 36. h5 g5 37. h6 Qxb3 38. Kg2 Qb1 39. Rxb8+ Qxb8 40. Qxg5 Qf8
41. Qf6+ 1-0

[Event "24th Dubai Open A 2024"]
[Site "Dubai UAE"]
[Date "2024.05.31"]
[Round "7.32"]
[White "Khalifa Essa, Albalooshi"]
[Black "Ali, Abdulaziz"]
[Result "1-0"]
[WhiteElo "2135"]
[BlackElo "1995"]
[WhiteFideId "9315853"]
[BlackFideId "9304347"]
[EventDate "2024.05.25"]

1. d4 d5 2. c4 c6 3. Nf3 Nf6 4. Nbd2 e6 5. g3 c5 6. cxd5 exd5 7. dxc5 Bxc5 8.
Bg2 O-O 9. O-O h6 10. Nb3 Bb6 11. Nbd4 Nc6 12. b3 Re8 13. Bb2 Bg4 14. Nxc6 bxc6
15. Ne5 Qd6 16. Nxg4 Nxg4 17. e4 Nxf2 18. Rxf2 Qc5 19. Qf3 Qxf2+ 20. Qxf2 Bxf2+
21. Kxf2 dxe4 22. Ke3 Rad8 23. Bd4 a5 24. Rc1 Rd6 25. Rc5 Red8 26. Bc3 f5 27.
Bf1 g6 28. Bxa5 Ra8 29. Bc4+ Kh7 30. a4 Rd1 31. Re5 h5 32. Re7+ Kh6 33. Ke2 Rd6
34. Bd2+ g5 35. h4 Rxd2+ 36. Kxd2 f4 37. Re6+ Kh7 38. gxf4 gxh4 39. Rxe4 Rd8+
40. Ke2 h3 41. Kf2 Rd1 42. Kg3 Rh1 43. Re2 Kh6 44. Rh2 h4+ 45. Kxh3 1-0

[Event "24th Dubai Open A 2024"]
[Site "Dubai UAE"]
[Date "2024.06.01"]
[Round "8.1"]
[White "Muradli, Mahammad"]
[Black "Movahed, Sina"]
[Result "1-0"]
[WhiteTitle "GM"]
[BlackTitle "IM"]
[WhiteElo "2560"]
[BlackElo "2463"]
[WhiteFideId "13409301"]
[BlackFideId "42520835"]
[EventDate "2024.05.25"]

1. d4 Nf6 2. c4 e6 3. Nf3 d5 4. Nc3 c6 5. Bg5 h6 6. Bxf6 Qxf6 7. e3 Nd7 8. Bd3
Qe7 9. O-O dxc4 10. Bxc4 g6 11. Qc2 Bg7 12. Bb3 O-O 13. Ne4 Rd8 14. Rad1 a5 15.
a3 Ra6 16. h4 Rb6 17. Rd2 Rb5 18. Rfd1 Rf5 19. Ng3 Rxf3 20. gxf3 Qxh4 21. Kg2
Qe7 22. Ne4 f5 23. Nc5 Nf6 24. Nd3 Nd5 25. Rg1 g5 26. Kf1 Qc7 27. f4 g4 28. Ke1
h5 29. Rh1 Qf7 30. Bxd5 exd5 31. Ne5 Qe8 32. f3 Rd6 33. Rdh2 Rh6 34. Rh4 Bf6 35.
Qh2 Bxh4+ 36. Qxh4 Qf8 37. Kf2 Kh7 38. Qg5 Qg7 39. Qxh5 Rxh5 40. Rxh5+ Kg8 41.
Rg5 gxf3 42. Kxf3 Kf8 43. Rxg7 Kxg7 44. Kg3 Be6 45. Kh4 Kh6 46. a4 Bg8 47. Nd3
Be6 48. b4 axb4 49. Nxb4 Bd7 50. a5 Kg6 51. Kg3 Kh5 52. Nd3 Bc8 53. Ne5 Be6 54.
Kh3 Bg8 55. Nxc6 Be6 56. Nd8 Bc8 57. Nf7 Bd7 58. Kg3 1-0

[Event "24th Dubai Open A 2024"]
[Site "Dubai UAE"]
[Date "2024.06.01"]
[Round "8.2"]
[White "Li, Di"]
[Black "Ivic, Velimir"]
[Result "1-0"]
[WhiteTitle "GM"]
[BlackTitle "GM"]
[WhiteElo "2563"]
[BlackElo "2595"]
[WhiteFideId "8607508"]
[BlackFideId "950122"]
[EventDate "2024.05.25"]

1. e4 c5 2. Nf3 d6 3. d4 cxd4 4. Nxd4 Nf6 5. Bb5+ Nbd7 6. O-O e6 7. Re1 Be7 8.
Bf1 a6 9. c4 Qc7 10. b3 O-O 11. Bb2 b6 12. Nc3 Bb7 13. g3 Rfe8 14. Bg2 Rac8 15.
Qd2 Bf8 16. Rad1 Qb8 17. h3 Nc5 18. g4 e5 19. Nf5 Ne6 20. Bf3 h6 21. h4 Nf4 22.
Ne2 Bxe4 23. Bxe4 Nh3+ 24. Kg2 Nxe4 25. Qe3 Nhxf2 26. Rd5 Qb7 27. Neg3 Nf6 28.
Qxf2 Nxd5 29. cxd5 Qxd5+ 30. Kh3 Qe6 31. Nh5 f6 32. Qf3 Qf7 33. Ne3 d5 34. Nxd5
Kh8 35. Bxe5 Bd6 36. Bg3 Rxe1 37. Bxe1 Be5 38. Bg3 Rc5 39. Ne3 Qe8 40. Nc4 Bxg3
41. Nxg3 Qc6 42. Qf4 b5 43. Ne3 Rc3 44. h5 a5 45. Qd4 a4 46. Ne4 Rc1 47. Qd8+
Kh7 48. Qd3 Kh8 49. Nf5 Rh1+ 50. Kg3 Qc1 51. Qd8+ Kh7 52. Nxf6+ 1-0

[Event "24th Dubai Open A 2024"]
[Site "Dubai UAE"]
[Date "2024.06.01"]
[Round "8.3"]
[White "Srihari, L R"]
[Black "Sadhwani, Raunak"]
[Result "0-1"]
[WhiteTitle "IM"]
[BlackTitle "GM"]
[WhiteElo "2485"]
[BlackElo "2654"]
[WhiteFideId "46617116"]
[BlackFideId "35093487"]
[EventDate "2024.05.25"]

1. c4 Nf6 2. Nc3 e5 3. Nf3 Nc6 4. e3 Bb4 5. Qc2 Bxc3 6. Qxc3 Qe7 7. d4 e4 8. Ng1
a5 9. Ne2 h5 10. h4 d6 11. Nf4 Bg4 12. b3 O-O 13. a4 Qd7 14. Ba3 Ne7 15. Rc1 c6
16. Rc2 Ng6 17. g3 Rfc8 18. Qa1 Rd8 19. Qc1 Qf5 20. Rc3 Nxf4 21. gxf4 Bf3 22.
Rh3 b6 23. Qd2 Rab8 24. Rg3 Bg4 25. Rc1 d5 26. cxd5 c5 27. Bb2 Rxd5 28. Bc4 Rd7
29. Kf1 Rbd8 30. Kg1 Bf3 31. Bb5 Rd6 32. Bf1 Ng4 33. Be2 Rg6 34. Bxf3 exf3 35.
Qd1 Nxf2 36. Qxf3 Nd3 37. Rg5 Rxg5+ 38. hxg5 Nxc1 0-1

[Event "24th Dubai Open A 2024"]
[Site "Dubai UAE"]
[Date "2024.06.01"]
[Round "8.4"]
[White "Erdogmus, Yagiz Kaan"]
[Black "Dai, Changren"]
[Result "0-1"]
[WhiteTitle "IM"]
[BlackTitle "GM"]
[WhiteElo "2553"]
[BlackElo "2510"]
[WhiteFideId "44599790"]
[BlackFideId "8608156"]
[EventDate "2024.05.25"]

1. d4 d5 2. c4 e6 3. Nf3 Nf6 4. Nc3 Be7 5. Bf4 O-O 6. e3 c5 7. dxc5 Bxc5 8. Qc2
Nc6 9. Rd1 Qa5 10. a3 h6 11. Nd2 d4 12. Nb3 Qb6 13. Nxc5 Qxc5 14. b4 Qe7 15.
exd4 a5 16. c5 axb4 17. Bd6 Qd8 18. axb4 Nxb4 19. Qd2 Re8 20. Bb5 Bd7 21. O-O
Bc6 22. Qb2 Nbd5 23. Nxd5 Nxd5 24. Ra1 Ra5 25. Bxc6 bxc6 26. Qb7 Qa8 27. Qb2 Qa6
28. h3 Ra8 29. Rxa5 Qxa5 30. Qb7 Qa6 31. Rb1 Qxb7 32. Rxb7 Nc3 33. Rb6 Rc8 34.
Kf1 f6 35. f4 Nb5 36. Kf2 Nxd4 37. Ra6 Nb5 38. Ke3 Kf7 39. Rb6 g5 40. g4 Kg6 41.
Ra6 gxf4+ 42. Kxf4 h5 43. Rb6 e5+ 44. Ke4 h4 45. Kd3 Nd4 46. Ra6 Ne6 47. Ra3 Ng5
48. Kc4 Rh8 49. Ra6 Rc8 50. Ra3 Kh6 51. Kb4 Ne6 52. Rf3 Kg6 53. Ka5 Nd4 54. Rf1
Re8 55. Kb4 e4 56. Kc3 Nf3 57. Bf4 Rd8 58. Bd6 Ra8 59. Rf2 Kf7 60. Bf4 Ke6 61.
Kc4 Ra4+ 62. Kb3 Rd4 63. Kc3 Kd5 64. Bd6 Rd3+ 65. Kb4 Rd2 66. Rf1 Rg2 67. Rd1+
Nd4 68. Be7 Rb2+ 69. Ka4 e3 70. Bxf6 Rd2 71. Rb1 Nf3 72. Bc3 Rd3 73. Ba5 e2 74.
g5 Rd1 75. Rb2 Ra1+ 0-1

[Event "24th Dubai Open A 2024"]
[Site "Dubai UAE"]
[Date "2024.06.01"]
[Round "8.5"]
[White "Aronyak, Ghosh"]
[Black "Zhao, Yuanhe"]
[Result "1/2-1/2"]
[WhiteTitle "IM"]
[BlackTitle "IM"]
[WhiteElo "2528"]
[BlackElo "2463"]
[WhiteFideId "25072846"]
[BlackFideId "8609497"]
[EventDate "2024.05.25"]

1. c4 Nf6 2. Nc3 d5 3. cxd5 Nxd5 4. g3 g6 5. Bg2 Nxc3 6. bxc3 Bg7 7. Rb1 Nd7 8.
Nf3 O-O 9. O-O c5 10. c4 Qc7 11. d3 Ne5 12. Bf4 Nxf3+ 13. Bxf3 e5 14. Be3 Rb8
15. Qa4 b6 16. Qc6 Qxc6 17. Bxc6 Bh3 18. Rfc1 Rfc8 19. Bd5 Bd7 20. Bd2 Rc7 21.
Kg2 Re8 22. e4 Bc6 23. Be3 Bf8 24. f3 Bd6 25. h4 h5 26. Kf2 Kg7 27. Ke2 f5 28.
Rg1 Kh7 29. Bxc6 Rxc6 30. exf5 gxf5 31. g4 fxg4 32. fxg4 e4 33. gxh5 exd3+ 34.
Kxd3 Bh2 35. Rg6 Rc7 36. Rh6+ Kg7 37. Rg6+ Kh7 1/2-1/2

[Event "24th Dubai Open A 2024"]
[Site "Dubai UAE"]
[Date "2024.06.01"]
[Round "8.6"]
[White "Iniyan, Pa"]
[Black "Can, Emre"]
[Result "1/2-1/2"]
[WhiteTitle "GM"]
[BlackTitle "GM"]
[WhiteElo "2493"]
[BlackElo "2549"]
[WhiteFideId "25002767"]
[BlackFideId "6302181"]
[EventDate "2024.05.25"]

1. d4 Nf6 2. c4 e6 3. Nc3 Bb4 4. e3 O-O 5. Bd3 d5 6. a3 dxc4 7. Bxc4 Be7 8. e4
c5 9. d5 exd5 10. exd5 Bd6 11. Nf3 a6 12. a4 Re8+ 13. Be2 b6 14. O-O Bb7 15. Bc4
h6 16. h3 Nbd7 17. Ba2 Qc7 18. Nh4 Bh2+ 19. Kh1 Be5 20. Nf5 Bxc3 21. bxc3 Qe5
22. Ne3 Ne4 23. Ng4 Qxc3 24. Rb1 c4 25. Kg1 Rad8 26. Re1 Nec5 27. Ne3 Nd3 28.
Re2 N7e5 29. Rc2 Qa5 30. Bxc4 Nxc4 31. Rxc4 Rxe3 32. Bxe3 Qxd5 33. Rg4 f5 34.
Rg6 f4 35. Qg4 Qf7 36. Rbxb6 Ne5 37. Rxg7+ Qxg7 38. Qxg7+ Kxg7 39. Rxb7+ Kg6 40.
Bxf4 Rd1+ 41. Kh2 Nc4 42. Rc7 Rd4 43. Rc6+ Kf5 44. Bxh6 1/2-1/2

[Event "24th Dubai Open A 2024"]
[Site "Dubai UAE"]
[Date "2024.06.01"]
[Round "8.7"]
[White "Gholami Orimi, Mahdi"]
[Black "Ioannidis, Evgenios"]
[Result "1/2-1/2"]
[WhiteTitle "IM"]
[BlackTitle "GM"]
[WhiteElo "2470"]
[BlackElo "2518"]
[WhiteFideId "12558486"]
[BlackFideId "4229274"]
[EventDate "2024.05.25"]

1. c4 e6 2. Nc3 d5 3. d4 Bb4 4. a3 Bxc3+ 5. bxc3 Nf6 6. e3 c6 7. a4 O-O 8. Ba3
Re8 9. Nf3 Qc7 10. Rc1 Nbd7 11. Be2 a6 12. c5 e5 13. Rb1 Ne4 14. Qc2 exd4 15.
cxd4 Nf8 16. O-O Bf5 17. Bd3 Rad8 18. Nh4 Bc8 19. f3 Qe7 20. fxe4 Qxh4 21. e5
Ne6 22. Bb4 Rf8 23. Rf3 Ng5 24. Rf4 Qh6 25. Rbf1 Ne4 26. Ba5 Rde8 27. Bxe4 dxe4
28. Bc7 f5 29. exf6 Rxf6 30. Qb3+ Kh8 31. Be5 Rxf4 32. Rxf4 Qe6 33. Qb1 Kg8 34.
Qxe4 Qg6 35. Qxg6 hxg6 36. e4 Rf8 37. Kf2 Rxf4+ 38. Bxf4 Be6 39. a5 Kf7 40. Ke3
Bc4 41. g3 Bb3 42. Bg5 Ke6 43. Kf4 Bc4 44. Bd8 Bf1 45. Kg5 Kf7 46. d5 Bg2 47. d6
Bxe4 48. Kf4 Bf5 49. g4 Bd7 50. h3 Ke6 51. Ke4 Kf7 52. Bg5 Bc8 53. Ke5 Bd7 54.
Bc1 Bc8 55. Kf4 Bd7 56. Kg5 Be8 57. Bb2 Bd7 58. h4 Bc8 59. h5 Bd7 60. Ba1 Bc8
61. Bc3 Bd7 62. Bd2 Bc8 63. Be1 Bd7 64. Bf2 Bc8 65. Bd4 Bd7 66. hxg6+ Kg8 67.
Bf6 Kf8 68. Be7+ 1/2-1/2

[Event "24th Dubai Open A 2024"]
[Site "Dubai UAE"]
[Date "2024.06.01"]
[Round "8.8"]
[White "Mendonca, Leon Luke"]
[Black "Safarli, Eltaj"]
[Result "0-1"]
[WhiteTitle "GM"]
[BlackTitle "GM"]
[WhiteElo "2640"]
[BlackElo "2594"]
[WhiteFideId "35028561"]
[BlackFideId "13402129"]
[EventDate "2024.05.25"]

1. e4 c5 2. Nf3 Nc6 3. d4 cxd4 4. Nxd4 Nf6 5. Nc3 e5 6. Ndb5 d6 7. Nd5 Nxd5 8.
exd5 Nb8 9. a4 Be7 10. Bd2 O-O 11. a5 Nd7 12. Bb4 a6 13. Na3 b6 14. axb6 Qxb6
15. c3 Nf6 16. Nc4 Qc7 17. Na5 Bd7 18. Be2 Ne4 19. O-O f5 20. Bd3 Nf6 21. c4 e4
22. Be2 f4 23. Kh1 Rae8 24. Bc3 Qc8 25. Qd4 Bd8 26. f3 e3 27. Nc6 Bxc6 28. dxc6
Qxc6 29. Rfd1 Re6 30. b4 Bb6 31. Qd3 Qc8 32. Ra2 Nh5 33. Kg1 Rh6 34. Rda1 a5 35.
bxa5 Ba7 36. Qd5+ Kh8 37. Rb1 Bc5 38. Rab2 Nf6 39. Qg5 d5 40. Be5 Rg6 41. Qxf4
Nd7 42. Rb8 Nxb8 43. Rxb8 Qxb8 44. Bxb8 Rxf4 45. Bxf4 Ra6 46. cxd5 Rxa5 47. Be5
Ra2 48. Kf1 Rc2 49. g4 Rc1+ 50. Kg2 Re1 51. Ba6 e2 52. Kh3 Rd1 53. Bxe2 Re1 54.
Bxg7+ Kxg7 55. Bd3 Bd6 0-1

[Event "24th Dubai Open A 2024"]
[Site "Dubai UAE"]
[Date "2024.06.01"]
[Round "8.9"]
[White "Mammadzada, Gunay"]
[Black "Indjic, Aleksandar"]
[Result "1/2-1/2"]
[WhiteTitle "IM"]
[BlackTitle "GM"]
[WhiteElo "2436"]
[BlackElo "2603"]
[WhiteFideId "13403729"]
[BlackFideId "911925"]
[EventDate "2024.05.25"]

1. e4 e5 2. Nf3 Nc6 3. Bb5 a6 4. Ba4 Nf6 5. O-O Be7 6. d3 d6 7. h3 b5 8. Bb3 Na5
9. Nc3 Nxb3 10. axb3 Bb7 11. Bg5 c5 12. Ne2 h6 13. Be3 Nd7 14. Ng3 g6 15. Nh2 h5
16. f4 Bf6 17. c3 Qe7 18. b4 cxb4 19. cxb4 exf4 20. Bxf4 Bxb2 21. Ra2 Bg7 22.
Rc2 Ne5 23. Qd2 Rc8 24. Rxc8+ Bxc8 25. Bg5 f6 26. Bf4 O-O 27. Bh6 Qa7+ 28. Kh1
Qd4 29. Bxg7 Kxg7 30. Rd1 Nc6 31. Rb1 Ne5 32. Rd1 Qa7 33. Ne2 f5 34. Nf4 Qf7 35.
Rf1 Bb7 36. Nf3 Nxf3 37. Rxf3 Kh7 38. exf5 gxf5 39. Re3 Re8 40. Rg3 Rg8 41. Re3
Re8 42. Rg3 Rg8 43. Re3 1/2-1/2

[Event "24th Dubai Open A 2024"]
[Site "Dubai UAE"]
[Date "2024.06.01"]
[Round "8.10"]
[White "Vakhidov, Jakhongir"]
[Black "Durak, Can"]
[Result "1/2-1/2"]
[WhiteTitle "GM"]
[BlackTitle "IM"]
[WhiteElo "2599"]
[BlackElo "2434"]
[WhiteFideId "14201801"]
[BlackFideId "44552971"]
[EventDate "2024.05.25"]

1. d4 d5 2. c4 e6 3. Nc3 Nf6 4. cxd5 exd5 5. Bg5 Bb4 6. e3 h6 7. Bh4 g5 8. Bg3
h5 9. h4 Ne4 10. Ne2 Bg4 11. Qb3 Nxg3 12. Nxg3 Nc6 13. Ne2 Qd6 14. a3 Ba5 15.
O-O-O Bxc3 16. Qxc3 O-O-O 17. hxg5 Qe7 18. Kb1 Qxg5 19. f3 Bf5+ 20. Ka1 Ne7 21.
Rc1 c6 22. Nf4 h4 23. Qb4 Qf6 24. Rc3 Qd6 25. Qxd6 Rxd6 26. g4 Bd7 27. Bd3 Rf6
28. Rc2 Ng6 29. Bxg6 fxg6 30. Rh3 Rhf8 31. Nd3 Rxf3 32. Rxh4 g5 33. Rh5 Bxg4 34.
Rxg5 Bf5 35. Rc3 Bxd3 36. Rxd3 Re8 37. Kb1 Rfxe3 38. Rxe3 Rxe3 39. Kc2 Kd7 40.
Rg7+ Re7 41. Rg6 Kc7 42. Kd3 Kb6 43. b3 Kb5 44. Kc3 Re3+ 45. Kc2 a5 46. Rg7 b6
47. Rg6 Rh3 48. Rf6 Rh1 49. Rg6 Rh8 50. Kc3 Rc8 51. a4+ Ka6 52. b4 axb4+ 53.
Kxb4 c5+ 54. dxc5 Rxc5 55. Rg7 Rc4+ 56. Kb3 Rh4 57. Rd7 d4 58. Kc4 Rg4 59. Rd5 1/2-1/2

[Event "24th Dubai Open A 2024"]
[Site "Dubai UAE"]
[Date "2024.06.01"]
[Round "8.11"]
[White "Jumabayev, Rinat"]
[Black "Pang, Tao"]
[Result "1/2-1/2"]
[WhiteTitle "GM"]
[BlackTitle "IM"]
[WhiteElo "2595"]
[BlackElo "2496"]
[WhiteFideId "13702661"]
[BlackFideId "8609950"]
[EventDate "2024.05.25"]

1. e4 e6 2. d4 d5 3. Nc3 dxe4 4. Nxe4 Nd7 5. Bd3 Ngf6 6. Qe2 Nxe4 7. Bxe4 c5 8.
d5 e5 9. Nf3 Bd6 10. Nd2 Nf6 11. b3 O-O 12. Bb2 Nxe4 13. Nxe4 Bf5 14. f3 Bxe4
15. fxe4 f5 16. exf5 Rxf5 17. O-O-O Qg5+ 18. Qd2 Qxd2+ 19. Rxd2 e4 20. g3 e3 21.
Re2 Rxd5 22. Rxe3 Bf8 23. c4 Rd7 24. Kc2 Rad8 25. Re2 Re7 26. Rxe7 Bxe7 27. Re1
Rd7 28. Re5 g6 29. Rd5 Rxd5 30. cxd5 b5 31. Kd3 Bd6 32. Ke4 Kf7 33. Bc1 h5 34.
Bg5 a6 35. Be3 Ke7 36. Bf2 Kd7 37. h3 Ke7 38. Be1 Kf7 39. Kf3 Kf6 40. Bc3+ Be5
41. Bd2 Bd6 1/2-1/2

[Event "24th Dubai Open A 2024"]
[Site "Dubai UAE"]
[Date "2024.06.01"]
[Round "8.12"]
[White "Sethuraman, S.P."]
[Black "Sibashvili, Giorgi"]
[Result "1-0"]
[WhiteTitle "GM"]
[BlackTitle "IM"]
[WhiteElo "2588"]
[BlackElo "2423"]
[WhiteFideId "5021596"]
[BlackFideId "13602799"]
[EventDate "2024.05.25"]

1. e4 e5 2. Nf3 Nc6 3. Bc4 Bc5 4. d3 Nf6 5. O-O O-O 6. Nbd2 d5 7. exd5 Nxd5 8.
Re1 Bg4 9. h3 Bh5 10. Ne4 Be7 11. Ng3 Bg6 12. Nxe5 Nxe5 13. Rxe5 Nb6 14. Bb3 a5
15. a3 a4 16. Ba2 Bf6 17. Re1 Re8 18. Rb1 Qd7 19. Be3 Ra5 20. Qf3 Rb5 21. Bxb6
Rxb6 22. Qg4 Qc8 23. Rxe8+ Qxe8 24. h4 Rxb2 25. Rxb2 Bxb2 26. h5 Bxd3 27. cxd3
Bxa3 28. h6 g6 29. Qd4 Bf8 30. Ne4 Qc6 31. Nf6+ Kh8 32. Ng4+ f6 33. Qd8 Qd6 34.
Qe8 Qe7 35. Qxa4 Bxh6 36. Qc4 Qe8 37. Nxh6 Qe1+ 38. Kh2 Qe5+ 39. f4 Qh5+ 40. Kg3 1-0

[Event "24th Dubai Open A 2024"]
[Site "Dubai UAE"]
[Date "2024.06.01"]
[Round "8.13"]
[White "Hakobyan, Erik"]
[Black "Moroni, Luca Jr"]
[Result "1-0"]
[WhiteTitle "FM"]
[BlackTitle "GM"]
[WhiteElo "2335"]
[BlackElo "2580"]
[WhiteFideId "13313940"]
[BlackFideId "865834"]
[EventDate "2024.05.25"]

1. e4 c6 2. d4 d5 3. e5 Bf5 4. h4 h5 5. Bd3 Bxd3 6. Qxd3 Qa5+ 7. Nd2 e6 8. Nf3
Qa6 9. c4 Bb4 10. O-O Ne7 11. b3 c5 12. Qc2 cxd4 13. Nxd4 Nd7 14. N2f3 Rc8 15.
Bd2 Bc5 16. Ne2 dxc4 17. bxc4 Nb6 18. Ng3 Qxc4 19. Qb1 Ng6 20. Ne4 Nd7 21. Rc1
Qe2 22. Nd6+ Kf8 23. Be3 Rc7 24. Bxc5 Nxc5 25. Rxc5 Rxc5 26. Qxb7 Kg8 27. Qxf7+
Kh7 28. Ng5+ Kh6 29. Nxe6 Qxe5 30. Nf5+ 1-0

[Event "24th Dubai Open A 2024"]
[Site "Dubai UAE"]
[Date "2024.06.01"]
[Round "8.14"]
[White "Celik, Hasan Huseyin"]
[Black "Zhai, Mo"]
[Result "1-0"]
[WhiteTitle "IM"]
[BlackTitle "WGM"]
[WhiteElo "2421"]
[BlackElo "2348"]
[WhiteFideId "44506759"]
[BlackFideId "8600201"]
[EventDate "2024.05.25"]

1. e4 e5 2. Nf3 Nc6 3. Bb5 Nf6 4. d3 Bc5 5. Bxc6 dxc6 6. Nbd2 Nd7 7. Nc4 f6 8.
O-O Nf8 9. Be3 Bxe3 10. Nxe3 Be6 11. d4 exd4 12. Nxd4 Qd7 13. Qh5+ Bf7 14. Qc5
Ne6 15. Nxe6 Bxe6 16. Rad1 Qe7 17. Qc3 O-O 18. Rd3 Rad8 19. Rfd1 Rxd3 20. Rxd3
Rd8 21. a3 Rxd3 22. Qxd3 Qd6 23. Qd1 h6 24. c3 a5 25. h3 Kf8 26. Kf1 Ke7 27. Ke2
c5 28. Qc2 h5 29. h4 Kf7 30. g3 Qa6+ 31. Kf3 Qc6 32. Kg2 c4 33. f3 Qd6 34. Kf2
b5 35. Qd1 Qc5 36. f4 Ke7 37. f5 Bf7 38. Kf3 b4 39. axb4 axb4 40. Qa4 b3 41. Qa8
Be8 42. Qd5 Qxd5 43. Nxd5+ Kd6 44. Ne3 Bf7 45. Kf4 c6 46. Nf1 g6 47. fxg6 Bxg6
48. Nd2 Bf7 49. Nf3 Be6 50. e5+ Ke7 51. Nd4 Bd5 52. Kf5 fxe5 53. Kxe5 Kf7 54.
Nf5 Be6 55. Ne3 Ke7 56. Kf4 Kf6 57. g4 hxg4 58. Nxg4+ Kg6 59. Ne5+ Kh5 60. Nxc6
Kxh4 61. Ke5 Bf7 62. Kd4 Kg3 63. Ne5 Bg8 64. Nxc4 Kf2 65. Na3 Ke2 66. c4 Kd2 67.
c5 Be6 68. c6 Bh3 69. c7 Be6 70. Ke5 Bh3 71. Kd6 Kc1 72. Nc4 Bc8 73. Ke7 Ba6 74.
Kd8 Bxc4 75. c8=Q Kxb2 76. Qxc4 Ka1 77. Qa4+ Kb2 78. Kc7 Kc3 79. Kd6 b2 80. Qd1 1-0